Statistics for Guardians of the Galaxy Quiz

Click here to take the quiz!

General Stats

  • This quiz has been taken 30 times
  • The average score is 8 of 9

Answer Stats

Answer% Correct
Baby Groot
96%
Groot
96%
Star Lord
96%
Teen Groot
96%
Drax
92%
Gamora
92%
Nebula
92%
Rocket Racoon
92%
Mantis
75%

Score Distribution

Percentile by Number Answered

Percent of People with Each Score

Your Score History

You have not taken this quiz